Návrh montáže automobilového spojkového pedálu

Salvato in:
Dettagli Bibliografici
Autore principale: Zlatohlávek, Adam (Autore)
Altri autori: Václav, Štefan (Relatore della tesi)
Natura: Manoscritto Libro
Lingua:slovacco
Pubblicazione: 2025
Soggetti:
Accesso online:http://is.stuba.sk/zp/portal_zp.pl?podrobnosti=184002
Tags: Aggiungi Tag
Nessun Tag, puoi essere il primo ad aggiungerne!!

MARC

LEADER 00000ntm a22000003a 4500
001 stuzp104185
003 SK-STU
005 20250614212723.8
007 ta
008 150427s2015----xo-----f-mn---000-0-slo-d
040 |a STU  |b slo 
041 0 |a slo 
100 1 |a Zlatohlávek, Adam  |u 063000  |4 aut  |U MTF Materiálovotechnologická fakulta  |T MTF Ústav výrobných technológií  |X 127797  |U M3000  |Y 83  |7 127797 
242 0 1 |a Assembly design of the automobile clutch pedal  |y eng 
245 1 0 |a Návrh montáže automobilového spojkového pedálu 
260 |c 2025 
650 4 |a Autodesk Fusion  |2 eng 
650 4 |a assembly  |2 eng 
650 4 |a clutch pedal  |2 eng 
650 4 |a montáž  |2 slo 
650 4 |a spojkový pedál  |2 slo 
650 4 |a Autodesk Fusion  |2 slo 
700 1 |a Václav, Štefan  |u 063600  |k Z1  |4 ths  |U MTF Ústav výrobných technológií  |T MTF Katedra obrábania a tvárnenia  |X 2778  |U M3600  |Y 841  |7 A000002778 
856 4 |u http://is.stuba.sk/zp/portal_zp.pl?podrobnosti=184002 
996 |c M* DP-15679  |l MMSKP  |s P  |a 0  |w stuzp104185_0001